[Event "DVM U20 2021"]
[Site "Kiel GER"]
[Date "2022.07.24"]
[Round "3"]
[White "Aumüller, Naum"]
[Black "Astner, Sebastian"]
[Result "1-0"]
[Termination "normal"]
[Board "5.4"]
[WhiteElo "1841"]
[BlackElo "1888"]
[WhiteClock "00:26:33"]
[BlackClock "00:35:46"]
[WhiteTeam "SC Bavaria Regensburg von 1881 e.V."]
[BlackTeam "FC Ergolding 1932 e.V."]
[PlyCount "90"]
[WhiteFideId "16263960"]
[BlackFideId "12979422"]
[EventCountry "GER"]
[EventRounds "7"]
[EventType "team-swiss"]
[EventDate "2022.07.22"]

1. e4 {[%clk 01:30:58]} {[%emt 00:00:02]} c6 {[%clk 01:30:56]} {[%emt
00:00:04]} 2. d4 {[%clk 01:31:24]} {[%emt 00:00:04]} d5 {[%clk 01:31:23]}
{[%emt 00:00:03]} 3. f3 {[%clk 01:31:26]} {[%emt 00:00:29]} dxe4 {[%clk
01:31:14]} {[%emt 00:00:39]} 4. fxe4 {[%clk 01:31:48]} {[%emt 00:00:08]} e5
{[%clk 01:31:35]} {[%emt 00:00:09]} 5. Nf3 {[%clk 01:32:05]} {[%emt 00:00:13]}
Bg4 {[%clk 01:31:43]} {[%emt 00:00:22]} 6. c3 {[%clk 01:32:19]} {[%emt
00:00:16]} Bxf3 {[%clk 01:31:23]} {[%emt 00:00:50]} 7. Qxf3 {[%clk 01:30:20]}
{[%emt 00:02:29]} Qh4+ {[%clk 01:21:49]} {[%emt 00:10:04]} 8. g3 {[%clk
01:27:40]} {[%emt 00:03:10]} Qf6 {[%clk 01:22:03]} {[%emt 00:00:15]} 9. Qg4
{[%clk 01:17:58]} {[%emt 00:10:13]} Nd7 {[%clk 01:13:55]} {[%emt 00:08:38]} 10.
Bc4 {[%clk 01:09:27]} {[%emt 00:09:01]} h5 {[%clk 01:08:39]} {[%emt 00:05:52]}
11. Qe2 {[%clk 01:06:42]} {[%emt 00:03:09]} Qg6 {[%clk 01:07:42]} {[%emt
00:01:27]} 12. d5 {[%clk 01:02:34]} {[%emt 00:04:38]} Ngf6 {[%clk 01:06:06]}
{[%emt 00:02:06]} 13. dxc6 {[%clk 01:00:22]} {[%emt 00:02:41]} bxc6 {[%clk
01:06:29]} {[%emt 00:00:08]} 14. Rf1 {[%clk 00:58:20]} {[%emt 00:02:32]} Rb8
{[%clk 01:01:52]} {[%emt 00:05:07]} 15. Nd2 {[%clk 00:52:41]} {[%emt 00:06:08]}
Be7 {[%clk 00:59:39]} {[%emt 00:02:42]} 16. Nf3 {[%clk 00:50:15]} {[%emt
00:02:57]} O-O {[%clk 00:57:20]} {[%emt 00:02:49]} 17. Nh4 {[%clk 00:48:38]}
{[%emt 00:02:07]} Qh7 {[%clk 00:44:04]} {[%emt 00:13:46]} 18. Nf5 {[%clk
00:44:28]} {[%emt 00:04:39]} Rbe8 {[%clk 00:41:57]} {[%emt 00:02:37]} 19. b4
{[%clk 00:39:09]} {[%emt 00:05:50]} g6 {[%clk 00:39:21]} {[%emt 00:03:06]} 20.
Nxe7+ {[%clk 00:34:43]} {[%emt 00:04:55]} Rxe7 {[%clk 00:39:42]} {[%emt
00:00:09]} 21. Bg5 {[%clk 00:34:59]} {[%emt 00:00:14]} Qg7 {[%emt 00:04:33]}
22. Qf3 {[%clk 00:34:47]} {[%emt 00:00:40]} Re6 {[%clk 00:35:47]} {[%emt
00:00:24]} 23. Bxe6 {[%clk 00:35:01]} {[%emt 00:00:16]} fxe6 {[%clk 00:36:15]}
{[%emt 00:00:02]} 24. Bxf6 {[%clk 00:34:16]} {[%emt 00:01:14]} Rxf6 {[%clk
00:36:03]} {[%emt 00:00:42]} 25. Qe3 {[%clk 00:33:35]} {[%emt 00:01:12]} Nb6
{[%clk 00:35:42]} {[%emt 00:00:51]} 26. O-O-O {[%clk 00:32:34]} {[%emt
00:01:30]} Rxf1 {[%clk 00:34:53]} {[%emt 00:01:19]} 27. Rxf1 {[%clk 00:32:56]}
{[%emt 00:00:08]} Nc4 {[%clk 00:34:38]} {[%emt 00:00:46]} 28. Qg5 {[%clk
00:32:17]} {[%emt 00:01:09]} Kh7 {[%clk 00:33:59]} {[%emt 00:01:08]} 29. Rf6
{[%clk 00:29:28]} {[%emt 00:03:19]} Nd6 {[%clk 00:33:23]} {[%emt 00:01:07]} 30.
Rxe6 {[%clk 00:27:59]} {[%emt 00:01:59]} Nxe4 {[%clk 00:33:43]} {[%emt
00:00:10]} 31. Qe7 {[%clk 00:27:01]} {[%emt 00:01:28]} Nxc3 {[%clk 00:33:57]}
{[%emt 00:00:16]} 32. Qxg7+ {[%clk 00:27:14]} {[%emt 00:00:17]} Kxg7 {[%clk
00:34:24]} 33. Re7+ {[%clk 00:27:38]} {[%emt 00:00:09]} Kf6 {[%clk 00:34:51]}
{[%emt 00:00:03]} 34. Rxa7 {[%clk 00:27:50]} {[%emt 00:00:18]} Kg5 {[%emt
00:00:28]} 35. Kd2 {[%clk 00:27:43]} {[%emt 00:00:36]} Nd5 {[%clk 00:34:56]}
{[%emt 00:00:27]} 36. Rb7 {[%clk 00:27:34]} {[%emt 00:00:39]} Kg4 {[%clk
00:34:13]} 37. a4 {[%clk 00:27:54]} {[%emt 00:01:24]} Kf3 {[%clk 00:34:32]}
{[%emt 00:00:11]} 38. a5 {[%clk 00:26:30]} {[%emt 00:01:54]} Kf2 {[%clk
00:34:30]} {[%emt 00:00:32]} 39. a6 {[%clk 00:26:36]} {[%emt 00:00:24]} e4
{[%clk 00:34:56]} {[%emt 00:00:05]} 40. Rf7 {[%clk 00:26:58]} {[%emt 00:00:07]}
Kg2 {[%clk 00:35:20]} 41. a7 {[%clk 00:26:49]} {[%emt 00:00:46]} Nb6 {[%clk
00:35:37]} 42. Rf6 {[%clk 00:25:33]} {[%emt 00:01:59]} e3+ {[%clk 00:35:07]}
43. Ke2 {[%clk 00:25:59]} {[%emt 00:01:04]} Kxh2 {[%clk 00:35:26]} {[%emt
00:00:11]} 44. Rxc6 {[%clk 00:26:11]} {[%emt 00:00:17]} Na8 {[%clk 00:35:42]}
{[%emt 00:00:14]} 45. Rxg6 {[%clk 00:26:33]} {[%emt 00:00:09]} Kh3 {[%clk
00:35:46]} {[%emt 00:00:26]} 1-0

[Event "DVM U20 2021"]
[Site "Kiel GER"]
[Date "2022.07.24"]
[Round "3"]
[White "Sowka, Patrick"]
[Black "Pavlov, Liliane"]
[Result "1-0"]
[Termination "normal"]
[Board "5.5"]
[WhiteElo "1598"]
[BlackElo "1758"]
[WhiteClock "00:24:31"]
[BlackClock "00:25:55"]
[WhiteTeam "FC Ergolding 1932 e.V."]
[BlackTeam "SC Bavaria Regensburg von 1881 e.V."]
[PlyCount "97"]
[WhiteFideId "16234944"]
[BlackFideId "16225449"]
[EventCountry "GER"]
[EventRounds "7"]
[EventType "team-swiss"]
[EventDate "2022.07.22"]

1. e4 {[%clk 01:30:56]} {[%emt 00:00:03]} c5 {[%clk 01:30:52]} {[%emt
00:00:08]} 2. Nf3 {[%clk 01:31:19]} {[%emt 00:00:07]} d6 {[%clk 01:31:09]}
{[%emt 00:00:13]} 3. c3 {[%clk 01:31:36]} {[%emt 00:00:12]} Nf6 {[%clk
01:31:31]} {[%emt 00:00:08]} 4. Be2 {[%clk 01:31:49]} {[%emt 00:00:18]} Nbd7
{[%clk 01:31:37]} {[%emt 00:00:24]} 5. Qc2 {[%clk 01:30:59]} {[%emt 00:01:20]}
b6 {[%clk 01:30:51]} {[%emt 00:01:16]} 6. d4 {[%clk 01:29:13]} {[%emt
00:02:16]} cxd4 {[%clk 01:30:46]} {[%emt 00:00:35]} 7. cxd4 {[%clk 01:29:40]}
{[%emt 00:00:02]} Bb7 {[%clk 01:30:29]} {[%emt 00:00:47]} 8. Nc3 {[%clk
01:22:54]} {[%emt 00:07:17]} Rc8 {[%clk 01:18:33]} {[%emt 00:12:26]} 9. d5
{[%clk 01:13:43]} {[%emt 00:09:41]} g6 {[%clk 01:16:50]} {[%emt 00:02:13]} 10.
Bd2 {[%clk 01:06:08]} {[%emt 00:08:05]} Bg7 {[%clk 01:15:36]} {[%emt 00:01:44]}
11. Qa4 {[%clk 01:06:05]} {[%emt 00:00:34]} O-O {[%clk 01:04:57]} {[%emt
00:11:09]} 12. Bd3 {[%clk 00:49:48]} {[%emt 00:16:47]} Nc5 {[%clk 00:54:59]}
{[%emt 00:10:27]} 13. Qc2 {[%clk 00:43:00]} {[%emt 00:07:19]} h6 {[%clk
00:46:44]} {[%emt 00:08:44]} 14. O-O {[%clk 00:38:27]} {[%emt 00:05:03]} e6
{[%clk 00:43:10]} {[%emt 00:04:05]} 15. dxe6 {[%clk 00:35:53]} {[%emt
00:03:04]} Nxe6 {[%clk 00:37:49]} {[%emt 00:05:51]} 16. Rad1 {[%clk 00:26:22]}
{[%emt 00:10:01]} Nc5 {[%clk 00:35:38]} {[%emt 00:02:41]} 17. Rfe1 {[%clk
00:23:58]} {[%emt 00:02:53]} Re8 {[%clk 00:33:30]} {[%emt 00:02:38]} 18. Qb1
{[%clk 00:23:02]} {[%emt 00:01:26]} a6 {[%clk 00:31:27]} {[%emt 00:02:34]} 19.
b4 {[%clk 00:20:15]} {[%emt 00:03:18]} Nxd3 {[%clk 00:23:22]} {[%emt 00:08:34]}
20. Qxd3 {[%emt 00:00:15]} Qe7 {[%clk 00:21:05]} {[%emt 00:02:44]} 21. Bf4
{[%clk 00:17:23]} {[%emt 00:03:40]} Nxe4 {[%clk 00:10:45]} {[%emt 00:10:50]}
22. Bxd6 {[%clk 00:12:45]} {[%emt 00:05:08]} Qe6 {[%clk 00:10:46]} {[%emt
00:00:28]} 23. Nxe4 {[%clk 00:12:26]} {[%emt 00:00:49]} Bxe4 {[%clk 00:10:50]}
{[%emt 00:00:26]} 24. Qxa6 {[%clk 00:12:35]} {[%emt 00:00:21]} Qg4 {[%clk
00:09:10]} {[%emt 00:02:10]} 25. h3 {[%clk 00:11:09]} {[%emt 00:01:57]} Qf5
{[%clk 00:07:47]} {[%emt 00:01:52]} 26. Nh4 {[%clk 00:09:46]} {[%emt 00:01:54]}
Qf6 {[%clk 00:06:37]} {[%emt 00:01:40]} 27. Rxe4 {[%clk 00:09:29]} {[%emt
00:00:47]} Red8 {[%clk 00:04:15]} {[%emt 00:02:52]} 28. Nf3 {[%clk 00:08:38]}
{[%emt 00:01:22]} Rc6 {[%clk 00:03:23]} {[%emt 00:01:23]} 29. Red4 {[%clk
00:02:28]} {[%emt 00:06:39]} Rcxd6 {[%clk 00:02:48]} {[%emt 00:01:05]} 30. Rxd6
{[%clk 00:02:58]} {[%emt 00:00:01]} Rxd6 {[%clk 00:03:14]} {[%emt 00:00:04]}
31. Rxd6 {[%clk 00:02:57]} {[%emt 00:00:30]} Qxd6 {[%clk 00:03:39]} {[%emt
00:00:04]} 32. Qc8+ {[%clk 00:02:54]} {[%emt 00:00:33]} Kh7 {[%clk 00:04:02]}
{[%emt 00:00:08]} 33. Qc4 {[%clk 00:01:55]} {[%emt 00:01:29]} Kg8 {[%clk
00:03:31]} {[%emt 00:01:01]} 34. b5 {[%clk 00:01:09]} {[%emt 00:01:16]} Qd1+
{[%clk 00:02:48]} {[%emt 00:01:13]} 35. Kh2 {[%clk 00:01:35]} {[%emt 00:00:04]}
Qd6+ {[%clk 00:01:26]} {[%emt 00:01:52]} 36. g3 {[%clk 00:01:44]} {[%emt
00:00:21]} Bf8 {[%clk 00:01:28]} {[%emt 00:00:28]} 37. Qc6 {[%clk 00:01:04]}
{[%emt 00:01:11]} Qd8 {[%clk 00:01:12]} {[%emt 00:00:46]} 38. Ne5 {[%clk
00:00:40]} {[%emt 00:00:54]} Kg7 {[%clk 00:00:43]} {[%emt 00:00:59]} 39. Nd7
{[%clk 00:00:47]} {[%emt 00:00:23]} Bc5 {[%clk 00:00:34]} {[%emt 00:00:38]} 40.
Nxc5 {[%clk 00:00:58]} {[%emt 00:00:20]} bxc5 {[%clk 00:01:01]} {[%emt
00:00:03]} 41. Qxc5 {[%clk 00:01:24]} {[%emt 00:00:04]} Qa5 {[%clk 00:01:01]}
{[%emt 00:00:29]} 42. a3 {[%clk 00:01:00]} {[%emt 00:00:54]} Kg8 {[%clk
00:26:32]} {[%emt 00:04:59]} 43. Qc8+ {[%clk 00:27:28]} {[%emt 00:04:02]} Kg7
{[%clk 00:26:47]} {[%emt 00:00:16]} 44. Qa6 {[%clk 00:27:38]} {[%emt 00:00:20]}
Qd2 {[%clk 00:26:51]} {[%emt 00:00:26]} 45. Qa7 {[%clk 00:27:49]} {[%emt
00:00:18]} Qe2 {[%clk 00:27:00]} {[%emt 00:00:22]} 46. a4 {[%clk 00:28:04]}
{[%emt 00:00:16]} Qd2 {[%clk 00:25:59]} {[%emt 00:01:31]} 47. Qe3 {[%clk
00:26:50]} {[%emt 00:01:43]} Qb4 {[%clk 00:25:58]} {[%emt 00:00:31]} 48. b6
{[%clk 00:24:15]} {[%emt 00:03:06]} Qxa4 {[%clk 00:25:55]} {[%emt 00:00:33]}
49. Qe5+ {[%clk 00:24:31]} {[%emt 00:00:13]} 1-0

[Event "DVM U20 2021"]
[Site "Kiel GER"]
[Date "2022.07.24"]
[Round "3"]
[White "Neugirg, Mika"]
[Black "Alexandrov, Dimitri"]
[Result "0-1"]
[Termination "normal"]
[Board "5.6"]
[WhiteElo "1553"]
[BlackElo "1785"]
[WhiteClock "00:05:52"]
[BlackClock "00:12:20"]
[WhiteTeam "SC Bavaria Regensburg von 1881 e.V."]
[BlackTeam "FC Ergolding 1932 e.V."]
[PlyCount "48"]
[WhiteFideId "34619160"]
[BlackFideId "16249798"]
[EventCountry "GER"]
[EventRounds "7"]
[EventType "team-swiss"]
[EventDate "2022.07.22"]

1. e4 {[%clk 01:30:58]} {[%emt 00:00:01]} e5 {[%clk 01:30:47]} {[%emt
00:00:14]} 2. Nf3 {[%clk 01:31:21]} {[%emt 00:00:07]} Nc6 {[%clk 01:31:10]}
{[%emt 00:00:07]} 3. Bc4 {[%clk 01:31:42]} {[%emt 00:00:08]} Bc5 {[%clk
01:31:23]} {[%emt 00:00:18]} 4. c3 {[%clk 01:32:04]} {[%emt 00:00:07]} Nf6
{[%clk 01:31:35]} {[%emt 00:00:19]} 5. d4 {[%clk 01:32:26]} {[%emt 00:00:08]}
exd4 {[%clk 01:31:51]} {[%emt 00:00:14]} 6. b4 {[%clk 01:32:48]} {[%emt
00:00:08]} Bb6 {[%clk 01:29:50]} {[%emt 00:02:31]} 7. e5 {[%clk 01:33:10]}
{[%emt 00:00:08]} d5 {[%clk 01:27:24]} {[%emt 00:02:56]} 8. exf6 {[%clk
01:33:27]} {[%emt 00:00:12]} dxc4 {[%clk 01:27:16]} {[%emt 00:00:38]} 9. Qe2+
{[%clk 01:33:51]} {[%emt 00:00:06]} Be6 {[%clk 01:27:03]} {[%emt 00:00:43]} 10.
b5 {[%clk 01:34:14]} {[%emt 00:00:07]} d3 {[%clk 01:25:15]} {[%emt 00:02:19]}
11. Qe4 {[%clk 01:34:36]} {[%emt 00:00:07]} Nb4 {[%clk 01:12:44]} {[%emt
00:13:01]} 12. O-O {[%clk 01:34:41]} {[%emt 00:00:25]} Nc2 {[%clk 00:58:08]}
{[%emt 00:15:06]} 13. fxg7 {[%clk 01:34:38]} {[%emt 00:00:33]} Rg8 {[%clk
00:57:52]} {[%emt 00:00:45]} 14. Bg5 {[%clk 01:34:57]} {[%emt 00:00:10]} Qd5
{[%clk 00:56:36]} {[%emt 00:01:47]} 15. Qxh7 {[%clk 01:34:51]} {[%emt
00:00:37]} Kd7 {[%clk 00:56:47]} {[%emt 00:00:20]} 16. Nbd2 {[%clk 01:35:02]}
{[%emt 00:00:18]} Bf5 {[%clk 00:49:52]} {[%emt 00:07:24]} 17. Qh5 {[%clk
01:35:16]} {[%emt 00:00:12]} Rae8 {[%clk 00:38:54]} {[%emt 00:11:32]} 18. Rad1
{[%clk 01:04:19]} {[%emt 00:31:23]} Rxg7 {[%clk 00:27:54]} {[%emt 00:11:35]}
19. Bh6 {[%clk 00:41:04]} {[%emt 00:23:34]} Rh7 {[%clk 00:18:24]} {[%emt
00:10:11]} 20. Qg5 {[%clk 00:20:42]} {[%emt 00:20:45]} Qe6 {[%clk 00:17:32]}
{[%emt 00:01:30]} 21. Nh4 {[%clk 00:18:24]} {[%emt 00:02:38]} Bg4 {[%clk
00:13:19]} {[%emt 00:04:54]} 22. Nhf3 {[%clk 00:07:13]} {[%emt 00:11:39]} Rxh6
{[%clk 00:13:05]} {[%emt 00:00:46]} 23. Ne5+ {[%clk 00:05:43]} {[%emt
00:01:59]} Qxe5 {[%clk 00:12:54]} {[%emt 00:00:42]} 24. Qxg4+ {[%clk 00:05:52]}
{[%emt 00:00:20]} f5 {[%clk 00:12:20]} {[%emt 00:01:04]} 0-1

[Event "DVM U20 2021"]
[Site "Kiel GER"]
[Date "2022.07.24"]
[Round "3"]
[White "Schäfer, Daniel"]
[Black "Irkilmez, Yakub"]
[Result "1-0"]
[Termination "normal"]
[Board "6.1"]
[WhiteElo "1793"]
[BlackElo "2119"]
[WhiteClock "00:02:23"]
[BlackClock "00:02:39"]
[WhiteTeam "Heilbronner SV"]
[BlackTeam "Schachfreunde Essen-Katernberg 04/32 e. V."]
[PlyCount "91"]
[WhiteFideId "16235088"]
[BlackFideId "16204581"]
[EventCountry "GER"]
[EventRounds "7"]
[EventType "team-swiss"]
[EventDate "2022.07.22"]

1. d4 {[%clk 01:30:58]} {[%emt 12:57:02]} Nf6 {[%clk 01:30:46]} 2. c4 {[%clk
01:31:26]} e6 {[%clk 01:31:07]} 3. Nc3 {[%clk 01:31:43]} d5 {[%clk 01:26:06]}
4. Nf3 {[%clk 01:31:22]} Bb4 {[%clk 01:26:26]} 5. e3 {[%clk 01:24:43]} O-O
{[%clk 01:19:52]} 6. Bd3 {[%clk 01:24:35]} c5 {[%clk 01:12:15]} {[%emt
00:03:12]} 7. O-O {[%clk 01:20:50]} {[%emt 00:04:15]} Nc6 {[%clk 01:09:48]}
{[%emt 00:02:58]} 8. cxd5 {[%clk 01:07:19]} {[%emt 00:14:01]} exd5 {[%clk
01:04:42]} {[%emt 00:05:36]} 9. dxc5 {[%clk 01:06:43]} {[%emt 00:01:06]} Bxc5
{[%clk 01:00:35]} {[%emt 00:04:37]} 10. Nd4 {[%clk 01:05:28]} {[%emt 00:01:46]}
Ne5 {[%clk 00:51:25]} {[%emt 00:09:39]} 11. b3 {[%clk 00:52:33]} {[%emt
00:13:25]} a6 {[%clk 00:32:45]} {[%emt 00:19:10]} 12. a4 {[%clk 00:41:35]}
{[%emt 00:11:28]} Re8 {[%clk 00:29:25]} {[%emt 00:03:49]} 13. Ba3 {[%clk
00:31:24]} {[%emt 00:10:42]} Qa5 {[%clk 00:21:54]} {[%emt 00:08:01]} 14. Nce2
{[%clk 00:26:23]} {[%emt 00:05:31]} Bxa3 {[%clk 00:18:06]} {[%emt 00:04:18]}
15. Rxa3 {[%clk 00:26:49]} {[%emt 00:00:03]} Bd7 {[%clk 00:15:36]} {[%emt
00:03:00]} 16. Ra1 {[%clk 00:24:00]} {[%emt 00:03:20]} Rac8 {[%clk 00:15:20]}
{[%emt 00:00:47]} 17. Nf5 {[%clk 00:19:51]} {[%emt 00:04:38]} Qb4 {[%clk
00:13:17]} {[%emt 00:02:32]} 18. Ra2 {[%clk 00:12:12]} {[%emt 00:08:09]} Nxd3
{[%clk 00:06:36]} {[%emt 00:07:12]} 19. Qxd3 {[%clk 00:12:33]} {[%emt
00:00:09]} Bxf5 {[%clk 00:06:41]} {[%emt 00:00:25]} 20. Qxf5 {[%clk 00:13:00]}
{[%emt 00:00:03]} Qxb3 {[%clk 00:06:59]} {[%emt 00:00:12]} 21. Qb1 {[%clk
00:11:32]} {[%emt 00:01:57]} Qc4 {[%clk 00:04:21]} {[%emt 00:03:06]} 22. Rc1
{[%clk 00:09:11]} {[%emt 00:02:53]} Qg4 {[%clk 00:04:02]} {[%emt 00:00:48]} 23.
h3 {[%clk 00:07:31]} {[%emt 00:02:11]} Rxc1+ {[%clk 00:03:38]} {[%emt
00:00:54]} 24. Qxc1 {[%clk 00:07:48]} {[%emt 00:00:14]} Qd7 {[%clk 00:03:33]}
{[%emt 00:00:33]} 25. Qd1 {[%clk 00:04:56]} {[%emt 00:03:23]} Ne4 {[%clk
00:00:51]} {[%emt 00:03:13]} 26. Qd3 {[%clk 00:02:34]} {[%emt 00:02:51]} Qf5
{[%clk 00:00:40]} {[%emt 00:00:41]} 27. Nf4 {[%clk 00:02:11]} {[%emt 00:00:54]}
d4 {[%clk 00:00:35]} {[%emt 00:00:35]} 28. Qxd4 {[%clk 00:01:29]} {[%emt
00:01:12]} Nc3 {[%clk 00:00:37]} {[%emt 00:00:28]} 29. Rb2 {[%clk 00:01:16]}
{[%emt 00:00:42]} Ne4 {[%clk 00:00:33]} {[%emt 00:00:35]} 30. Rxb7 {[%clk
00:01:07]} {[%emt 00:00:38]} Nf6 {[%clk 00:00:34]} {[%emt 00:00:30]} 31. Qc4
{[%clk 00:00:46]} {[%emt 00:00:51]} Ne4 {[%clk 00:00:36]} {[%emt 00:00:28]} 32.
Qd5 {[%clk 00:00:48]} {[%emt 00:00:27]} Qf6 {[%clk 00:00:34]} {[%emt 00:00:32]}
33. Qxe4 {[%clk 00:01:03]} {[%emt 00:00:15]} Rc8 {[%clk 00:00:33]} {[%emt
00:00:31]} 34. Qe7 {[%clk 00:01:05]} {[%emt 00:00:29]} Qa1+ {[%clk 00:00:37]}
{[%emt 00:00:26]} 35. Kh2 {[%clk 00:01:34]} Qa2 {[%clk 00:00:57]} {[%emt
00:00:10]} 36. Kg3 {[%clk 00:01:09]} {[%emt 00:00:54]} h6 {[%clk 00:00:57]}
{[%emt 00:00:30]} 37. Qe4 {[%clk 00:01:21]} {[%emt 00:00:18]} Qa3 {[%clk
00:00:49]} {[%emt 00:00:38]} 38. Qd5 {[%clk 00:01:18]} {[%emt 00:00:34]} Rf8
{[%clk 00:00:37]} {[%emt 00:00:42]} 39. Ng6 {[%clk 00:01:31]} {[%emt 00:00:16]}
a5 {[%clk 00:00:51]} {[%emt 00:00:16]} 40. Nxf8 {[%clk 00:01:56]} {[%emt
00:00:06]} Qxf8 {[%clk 00:01:17]} {[%emt 00:00:04]} 41. Rd7 {[%clk 00:01:33]}
{[%emt 00:00:53]} Qb8+ {[%clk 00:01:22]} {[%emt 00:00:24]} 42. Qd6 {[%clk
00:01:38]} {[%emt 00:00:25]} Qb2 {[%clk 00:01:37]} {[%emt 00:00:16]} 43. Rd8+
{[%clk 00:01:52]} {[%emt 00:00:16]} Kh7 {[%clk 00:02:01]} {[%emt 00:00:06]} 44.
Qd3+ {[%clk 00:02:10]} {[%emt 00:00:11]} g6 {[%clk 00:02:24]} {[%emt 00:00:07]}
45. Qd4 {[%clk 00:02:23]} {[%emt 00:00:17]} Qb6 {[%clk 00:02:39]} {[%emt
00:00:15]} 46. Rh8# {[%emt 00:00:07]} 1-0

[Event "DVM U20 2021"]
[Site "Kiel GER"]
[Date "2022.07.24"]
[Round "3"]
[White "Gorainow, Nikita"]
[Black "Dietzel, Lukas"]
[Result "1/2-1/2"]
[Termination "normal"]
[Board "6.2"]
[WhiteElo "1987"]
[BlackElo "1564"]
[WhiteClock "00:01:57"]
[BlackClock "00:02:10"]
[WhiteTeam "Schachfreunde Essen-Katernberg 04/32 e. V."]
[BlackTeam "Heilbronner SV"]
[PlyCount "72"]
[WhiteFideId "12970093"]
[BlackFideId "16284313"]
[EventCountry "GER"]
[EventRounds "7"]
[EventType "team-swiss"]
[EventDate "2022.07.22"]

1. e4 {[%clk 01:30:57]} {[%emt 12:57:13]} e5 {[%clk 01:30:52]} 2. Nf3 {[%clk
01:31:22]} Nc6 {[%clk 01:31:18]} 3. Bc4 {[%clk 01:31:46]} Bc5 {[%clk 01:31:43]}
4. c3 {[%clk 01:32:07]} Nf6 {[%clk 01:31:53]} 5. d4 exd4 {[%clk 01:32:01]} 6.
e5 {[%clk 01:32:45]} d5 {[%clk 01:31:59]} 7. Bb5 {[%clk 01:33:09]} Ne4 {[%clk
01:30:12]} 8. cxd4 {[%clk 01:33:09]} Bb4+ {[%clk 01:28:23]} 9. Bd2 {[%clk
01:33:02]} O-O {[%clk 01:24:36]} 10. Bxb4 {[%clk 01:06:51]} {[%emt 00:12:08]}
Nxb4 {[%clk 01:24:20]} {[%emt 00:00:44]} 11. Qb3 {[%clk 00:58:37]} {[%emt
00:08:45]} Nc6 {[%clk 01:17:32]} {[%emt 00:07:18]} 12. O-O {[%clk 00:55:15]}
{[%emt 00:03:53]} Bg4 {[%clk 01:12:37]} {[%emt 00:05:24]} 13. Bxc6 {[%emt
00:11:31]} bxc6 {[%clk 01:09:37]} 14. Nbd2 {[%clk 00:44:46]} {[%emt 00:03:28]}
Rb8 {[%clk 01:07:00]} {[%emt 00:03:05]} 15. Qc2 {[%clk 00:35:33]} {[%emt
00:09:45]} Nxd2 {[%clk 01:00:59]} {[%emt 00:06:30]} 16. Nxd2 {[%clk 00:35:20]}
{[%emt 00:00:43]} Qg5 {[%clk 00:55:47]} {[%emt 00:05:43]} 17. f4 {[%clk
00:31:14]} {[%emt 00:04:37]} Qh6 {[%clk 00:50:12]} {[%emt 00:06:03]} 18. Nb3
{[%clk 00:29:39]} {[%emt 00:02:06]} Rb6 {[%clk 00:44:13]} {[%emt 00:06:29]} 19.
Rac1 {[%clk 00:28:07]} {[%emt 00:02:02]} f6 {[%clk 00:42:43]} {[%emt 00:01:59]}
20. Qc5 {[%clk 00:15:35]} {[%emt 00:13:03]} Qg6 {[%clk 00:36:23]} {[%emt
00:06:50]} 21. Qe7 {[%clk 00:07:21]} {[%emt 00:08:45]} Bh3 {[%clk 00:23:40]}
{[%emt 00:13:13]} 22. Rf2 {[%clk 00:07:43]} {[%emt 00:00:07]} fxe5 {[%clk
00:23:06]} {[%emt 00:01:04]} 23. dxe5 {[%clk 00:07:25]} {[%emt 00:00:49]} h6
{[%clk 00:18:51]} {[%emt 00:04:44]} 24. Qh4 {[%clk 00:04:38]} {[%emt 00:03:17]}
Bf5 {[%clk 00:14:45]} {[%emt 00:04:35]} 25. Nd4 {[%emt 00:00:30]} Bd7 {[%clk
00:12:33]} {[%emt 00:02:41]} 26. Qe7 {[%clk 00:02:57]} {[%emt 00:02:14]} Qe4
{[%clk 00:08:57]} {[%emt 00:04:05]} 27. Ne6 {[%clk 00:02:26]} {[%emt 00:01:01]}
Bxe6 {[%clk 00:08:23]} {[%emt 00:01:04]} 28. Qxe6+ {[%clk 00:02:54]} {[%emt
00:00:02]} Kh7 {[%clk 00:07:48]} {[%emt 00:01:05]} 29. f5 {[%clk 00:01:14]}
{[%emt 00:02:10]} c5 {[%clk 00:06:41]} {[%emt 00:01:36]} 30. Qe7 {[%clk
00:01:04]} {[%emt 00:00:41]} Rxf5 {[%clk 00:06:10]} {[%emt 00:01:00]} 31. Qxc5
{[%clk 00:00:48]} {[%emt 00:00:47]} Rxf2 {[%clk 00:04:29]} {[%emt 00:02:12]}
32. Qxf2 {[%clk 00:01:12]} {[%emt 00:00:05]} Qxe5 {[%clk 00:04:32]} {[%emt
00:00:27]} 33. Qc2+ {[%clk 00:00:46]} {[%emt 00:00:56]} Qe4 {[%clk 00:03:14]}
{[%emt 00:01:47]} 34. Qxe4+ {[%clk 00:01:09]} {[%emt 00:00:08]} dxe4 {[%clk
00:03:39]} {[%emt 00:00:05]} 35. Rxc7 {[%clk 00:01:32]} {[%emt 00:00:08]} Rxb2
{[%clk 00:03:45]} {[%emt 00:00:23]} 36. Rxa7 {[%clk 00:01:57]} {[%emt
00:00:05]} Kg6 {[%clk 00:02:10]} {[%emt 00:02:04]} 1/2-1/2